000 00279nam a22001217a 4500
008 230629b xxu||||| |||| 00| 0 eng d
082 _a346.043
_bKLA
100 _cKenya Land Alliance
245 _aLand Update
260 _bKenya Land Alliance
300 _a16p
942 _2ddc
_cBK
999 _c3093
_d3093